Beiträge zur Theorie der Warenproduktion und des Wertgesetzes im Sozialismus

Salvato in:
Dettagli Bibliografici
Natura: Libro
Lingua:tedesco
Pubblicazione: Berlin Hochschule für Ökonomie "Bruno Leuschner" 1983
Tags: Aggiungi Tag
Nessun Tag, puoi essere il primo ad aggiungerne!!

MARC

LEADER 00000nam a2200000 4500
001 c134184
005 20041019155300.4
041 0 |a ger 
044 |a DE 
245 1 0 |a Beiträge zur Theorie der Warenproduktion und des Wertgesetzes im Sozialismus 
264 1 |a Berlin  |b Hochschule für Ökonomie "Bruno Leuschner"  |c 1983 
300 |a 133 s.